| 000 -ლიდერი |
| ფიქსირებული სიგრძის საკონტროლო ველი |
00951nam a22001937a 4500 |
| 003 - საკონტროლო ნომრის იდენტიფიკატორი |
| საკონტროლო ველი |
Ge_BSU |
| 005 - ბოლო ოპერაციის თარიღი და დრო |
| საკონტროლო ველი |
20251219142102.0 |
| 008 - ფიქსირებული სიგრძის მონაცემთა ელემენტები - ზოგადი ინფორმაცია |
| ფიქსირებული სიგრძის საკონტროლო ველი |
251219s2025 ge ||||| |||| 00| 0 geo d |
| 020 ## - წიგნის საერთაშორისო სტანდარტული ნომერი |
| International Standard Book Number |
9789941985898 |
| 041 ## - ენის კოდი |
| Language code of text/sound track or separate title |
geo |
| 080 ## - უნივერსალური ათობითი კლასიფიკაციის ინდექსი |
| Universal Decimal Classification number |
330(038) ბ-83 |
| 100 ## - მთავარი ჩანაწერი - პიროვნების სახელი |
| Personal name |
ბოლქვაძე, ბესიკ |
| 9 (RLIN) |
1967 |
| 245 ## - ცნობა სათაურის შესახებ |
| Title |
ლათინური წარმოშობის ეკონომიკურ ტერმინთა ლექსიკონი = Dictionary of the Latin-Derived Economic Terms / |
| Statement of responsibility, etc |
ბესიკ ბოლქვაძე; მთ. რედ. რამაზ აბესაძე. |
| 264 ## - წარმოების, გამოცემის, დისტრიბუციის და სხვა ცნობები |
| გამოცემის, წარმოების, დისტრიბუციის... ადგილი |
თბილისი : |
| გამოცემის, წარმოების, დისტრიბუციის... სახელწოდება |
ლოგოსი, |
| გამოცემის, წარმოების, დისტრიბუციის... თარიღი |
2025. |
| 300 ## - ფიზიკური აღწერა |
| Extent |
472 გვ.; |
| Other physical details |
21 სმ. |
| 653 ## - INDEX TERM--UNCONTROLLED |
| Uncontrolled term |
ლათინური წარმოშობის ეკონომიკური ტერმინები |
| 700 ## - ADDED ENTRY--PERSONAL NAME |
| Personal name |
აბესაძე, რამაზ |
| 9 (RLIN) |
905 |
| 942 ## - ADDED ENTRY ELEMENTS (KOHA) |
| Source of classification or shelving scheme |
|
| Koha item type |
წიგნი |